Семейные беседы: Романы, повести, рассказы : Пер. с итал.

Detalles Bibliográficos
Autor Principal: Гинзбург Н. Наталия
Outros autores: Смирнов Г. (составитель), Маркевич А. Б. (иллюстратор)
Idioma:ruso
Publicado: Москва, Радуга, 1989
Subjects:
Formato: Libro
KOHA link:https://koha.lib.tpu.ru/cgi-bin/koha/opac-detail.pl?biblionumber=134692

MARC

LEADER 00000nam0a2200000 4500
001 134692
005 20231031135815.0
010 |a 5050024048 
020 |a RU  |b 89-83184 
035 |a (RuTPU)RU\TPU\book\145998 
090 |a 134692 
100 |a 20080403d1989 m y0rusy5003 ca 
101 1 |a rus  |c ita 
102 |a RU 
105 |a a z 000ay 
200 1 |a Семейные беседы  |e Романы, повести, рассказы : Пер. с итал.  |f Н. Гинзбург  |g сост. и предисл. Г. Смирнов ; худож. А. Б. Маркевич 
210 |a Москва  |c Радуга  |d 1989 
215 |a 441,[2] с.  |c ил.  |d 21 см 
327 1 |a Содерж.: Романы: Семейные беседы; Дорогой Микеле; Повести: Так все и было; Валентино; Рассказы: Мой муж; Он и я; Парик 
610 1 |a итальянская литература 
610 1 |a повести 
610 1 |a рассказы 
675 |a 85  |z rus 
700 1 |a Гинзбург  |b Н.  |g Наталия  |4 070 
702 1 |a Смирнов  |b Г.  |4 220 
702 1 |a Маркевич  |b А. Б.  |4 440 
801 0 |a RU  |b RuMRKP  |c 19950417  |g psbo 
801 1 |a RU  |b 63413507  |c 20080403  |g PSBO 
801 2 |a RU  |b 63413507  |c 20080403  |g PSBO 
942 |c BK